Druhá derivace touhy. Pravdoláskaři a Bohémové : úvahy nad (ne)končícími otázkami /
Tomáš Sedláček zkoumá současné ekonomické i politické problémy Česka a celého Západu z pohledu filozofie, psychologie nebo teologie.
Uloženo v:
| Série: | Druhá derivace touhy,
část 3 |
|---|---|
| Hlavní autor: | |
| Médium: | E-kniha |
| Jazyk: | Czech |
| Vydáno: |
Praha :
65. pole,
2021
|
| Vydání: | První vydání |
| Témata: | |
| On-line přístup: | Plný text - pro registrované uživatele NK ČR |
| Příbuzné jednotky: | Z cyklu::
Druhá derivace touhy |
| Tagy: |
Žádné tagy |
| LEADER | 03647nam a2200745 i 4500 | ||
|---|---|---|---|
| 001 | 311527 | ||
| 003 | CZ PrSKC | ||
| 005 | 20260601215707.0 | ||
| 007 | ta | ||
| 008 | 211123s2021 xr a e 000 0 cze | ||
| 015 | |a cnb003375793 | ||
| 020 | |a 9788088268536 |q (vázáno) | ||
| 035 | |a (OCoLC)1296109308 | ||
| 040 | |a BOA001 |b cze |e rda | ||
| 043 | |a e-xr--- |a e------ | ||
| 045 | |a y-y- | ||
| 072 | 7 | |a 330.5+338 |x Národní hospodářství a hospodářská politika |2 Konspekt | |
| 080 | |a 338.2 |2 MRF | ||
| 080 | |a 330.35 |2 MRF | ||
| 080 | |a 33:32 |2 MRF | ||
| 080 | |a 323 |2 MRF | ||
| 080 | |a (437.3) |2 MRF | ||
| 080 | |a (4) |2 MRF | ||
| 080 | |a (0:82-4) |2 MRF | ||
| 080 | |a (046) |2 MRF | ||
| 100 | 1 | |a Sedláček, Tomáš, |d 1977 leden 23.- |7 mzk2009512904 |4 aut | |
| 245 | 1 | 0 | |a Druhá derivace touhy. |p Pravdoláskaři a Bohémové : úvahy nad (ne)končícími otázkami / |c Tomáš Sedláček |
| 246 | 3 | 0 | |a Pravdoláskaři a Bohémové |
| 250 | |a První vydání | ||
| 264 | 1 | |a Praha : |b 65. pole, |c 2021 | |
| 300 | |a 432 stran : |b ilustrace ; |c 22 cm | ||
| 336 | |a text |b txt |2 rdacontent | ||
| 337 | |a bez média |b n |2 rdamedia | ||
| 338 | |a svazek |b nc |2 rdacarrier | ||
| 500 | |a "Třetí svazek volné trilogie"--Tiráž | ||
| 500 | |a Na hřbetu označení: III | ||
| 520 | 2 | |a Tomáš Sedláček zkoumá současné ekonomické i politické problémy Česka a celého Západu z pohledu filozofie, psychologie nebo teologie. | |
| 648 | 7 | |a 21. století |7 ch460559 |2 czenas | |
| 650 | 0 | 7 | |a hospodářská politika |7 ph114701 |z Česko |y 21. století |2 czenas |
| 650 | 0 | 7 | |a hospodářská politika |7 ph114701 |z země Evropské unie |y 21. století |2 czenas |
| 650 | 0 | 7 | |a ekonomický růst |7 ph114429 |z Česko |y 21. století |2 czenas |
| 650 | 0 | 7 | |a ekonomický růst |7 ph114429 |z země Evropské unie |y 21. století |2 czenas |
| 650 | 0 | 7 | |a ekonomie a politika |7 ph548940 |z Česko |y 21. století |2 czenas |
| 650 | 0 | 7 | |a ekonomie a politika |7 ph548940 |z země Evropské unie |y 21. století |2 czenas |
| 650 | 0 | 9 | |a economic policy |z Czechia |y 21st century |2 eczenas |
| 650 | 0 | 9 | |a economic policy |z European Union countries |y 21st century |2 eczenas |
| 650 | 0 | 9 | |a economic development |z Czechia |y 21st century |2 eczenas |
| 650 | 0 | 9 | |a economic development |z European Union countries |y 21st century |2 eczenas |
| 650 | 0 | 9 | |a economics and politics |z Czechia |y 21st century |2 eczenas |
| 650 | 0 | 9 | |a economics and politics |z European Union countries |y 21st century |2 eczenas |
| 651 | 7 | |a Česko |7 ge128065 |x společnost a politika |y 21. století |2 czenas | |
| 651 | 7 | |a země Evropské unie |7 ge131521 |x společnost a politika |y 21. století |2 czenas | |
| 651 | 9 | |a Czechia |x society and politics |y 21st century |2 eczenas | |
| 651 | 9 | |a European Union countries |x society and politics |y 21st century |2 eczenas | |
| 655 | 7 | |a úvahy |7 fd134000 |2 czenas | |
| 655 | 7 | |a články |7 fd133976 |2 czenas | |
| 655 | 9 | |a essays |2 eczenas | |
| 655 | 9 | |a journal articles |2 eczenas | |
| 787 | 0 | 8 | |i Z cyklu: |t Druhá derivace touhy |g 3 |
| 856 | 4 | 1 | |u https://www.bookport.cz/AccountSaml/SignIn/?idp=https%3A%2F%2Fshibboleth.nkp.cz%2Fidp%2Fshibboleth&returnUrl=/kniha/druha-derivace-touhy-iii-11016/ |y Plný text - pro registrované uživatele NK ČR |4 N |
| 900 | |a ABA001 |b 19 | ||
| 044 | |a xr | ||
| 910 | |a RBIT002 | ||
| 998 | |d 349647 |a https://core.palmknihy.cz/api/books/349647/cover?r97bgu |b https://core.palmknihy.cz/api/books/349647/cover/400?r97bgu |c https://core.palmknihy.cz/api/books/349647/cover/50?r97bgu |e 2030-01-01 |g 436 |i 9788088268536 |j https://core.palmknihy.cz/api/books/349647/preview.epub |l |q 49 |r 1 |s https://www.palmknihy.cz/kniha/349647 |t ebook |y 2021 |z 0 |v Druhá derivace touhy |w 3 | ||
| 999 | |d 311525 | ||